College algebra : (Record no. 356124)
[ view plain ]
| 000 -LEADER | |
|---|---|
| fixed length control field | 00372nam a2200121Ia 4500 |
| 008 - FIXED-LENGTH DATA ELEMENTS--GENERAL INFORMATION | |
| fixed length control field | 180309s9999 xx 000 0 und d |
| 020 ## - INTERNATIONAL STANDARD BOOK NUMBER | |
| International Standard Book Number | 9711010100 |
| 100 ## - MAIN ENTRY--PERSONAL NAME | |
| Personal name | Dayrit, Benjamin |
| 245 ## - TITLE STATEMENT | |
| Statement of responsibility, etc | Calderon, Jose |
| Title | College algebra : |
| Remainder of title | A modular approach |
| 260 ## - PUBLICATION, DISTRIBUTION, ETC. (IMPRINT) | |
| Place of publication, distribution, etc | Quezon City : |
| Name of publisher, distributor, etc | 1996 |
| Date of publication, distribution, etc | The eye commercial press |
| 300 ## - PHYSICAL DESCRIPTION | |
| Extent | iii, 179 pages |
| 650 ## - SUBJECT ADDED ENTRY--TOPICAL TERM | |
| Topical term or geographic name as entry element | Algebra & Trigonometry |
| Withdrawn status | Lost status | Source of classification or shelving scheme | Damaged status | Home library | Current library | Shelving location | Date acquired | Source of acquisition | Total Checkouts | Full call number | Barcode | Date last seen | Price effective from | Koha item type |
|---|---|---|---|---|---|---|---|---|---|---|---|---|---|---|
| Library of Congress Classification | College Library | College Library | Filipiniana Section | 03/13/2018 | Donation | QA 150 .D275 1996 | c21357 | 05/08/2018 | 03/13/2018 | Books |